[Event "C.to Provinciale AP-MC"]
[Site "Morrovalle ITA"]
[Date "2003.02.01"]
[Round "1"]
[White "Franchi, Giuseppe"]
[Black "Damiani, Lorenzo"]
[Result "0-1"]
[WhiteElo "1657"]
[BlackElo "1579"]
[PlyCount "110"]
[EventDate "2003.02.01"]

1. d4 d5 2. Nf3 Nf6 3. e3 e6 4. Bd3 Nbd7 5. Nbd2 Be7 6. O-O O-O 7. c3 c5 8. Re1
b6 9. e4 dxe4 10. Nxe4 Bb7 11. Qe2 Nxe4 12. Bxe4 Bxe4 13. Qxe4 Nf6 14. Qe2 cxd4
15. Nxd4 Bc5 16. Be3 Nd5 17. Nc6 Qd6 18. Bxc5 Qxc5 19. Ne5 Rad8 20. Rad1 Nf4
21. Qe4 Nd5 22. Qf3 Nf6 23. Ng4 Nxg4 24. Qxg4 Rd5 25. c4 Rg5 26. Qe2 Qc6 27. g3
h5 28. Qd2 Qc5 29. b3 h4 30. Qd6 Qf5 31. Qd3 hxg3 32. hxg3 Qh3 33. Qf1 Qh6 34.
Qe2 Rh5 35. Kg2 Rh2+ 36. Kf3 Qf6+ 37. Ke3 Qg5+ 38. Kf3 Rh6 39. Kg2 f5 40. f4
Qe7 41. Qd3 Qb7+ 42. Kf2 Rh2+ 43. Ke3 Rg2 44. Rg1 Rxa2 45. Ra1 Rxa1 46. Rxa1
Qg2 47. Rf1 Qxg3+ 48. Rf3 Qe1+ 49. Qe2 Qxe2+ 50. Kxe2 Rd8 51. Rd3 Rxd3 52. Kxd3
Kf7 53. b4 Kf6 54. Kd4 Ke7 55. Ke5 Kd7 0-1

[Event "C.to Provinciale AP-MC"]
[Site "Morrovalle ITA"]
[Date "2003.02.01"]
[Round "1"]
[White "Fratini, Mauro"]
[Black "Marozzi, Giovanni"]
[Result "1/2-1/2"]
[WhiteElo "1609"]
[BlackElo "1699"]
[PlyCount "75"]
[EventDate "2003.02.01"]

1. d4 d5 2. Nf3 c5 3. e3 Nf6 4. Nbd2 e6 5. b3 cxd4 6. exd4 Bb4 7. Bd3 Nc6 8.
O-O Bc3 9. Rb1 Nxd4 10. Nxd4 Bxd4 11. Nf3 Bc5 12. Bb2 O-O 13. h3 h6 14. Re1 Bd7
15. Ne5 Qb6 16. Qe2 Rad8 17. Rf1 Bc8 18. Ng4 Nxg4 19. Qxg4 e5 20. Qg3 f6 21. c3
e4 22. Be2 Bd6 23. Qe3 Qxe3 24. fxe3 Bc5 25. Kf2 f5 26. c4 Be6 27. cxd5 Rxd5
28. Rbd1 Rfd8 29. Rxd5 Rxd5 30. Rd1 Rxd1 31. Bxd1 g5 32. Ke2 f4 33. exf4 gxf4
34. Be5 f3+ 35. gxf3 Bxh3 36. fxe4 Bg4+ 37. Kd2 Be3+ 38. Kxe3 1/2-1/2

[Event "C.to Provinciale AP-MC"]
[Site "Morrovalle ITA"]
[Date "2003.02.01"]
[Round "1"]
[White "Marinucci, Johnny"]
[Black "Iaconi, Andrea"]
[Result "0-1"]
[WhiteElo "1543"]
[BlackElo "1647"]
[PlyCount "48"]
[EventDate "2003.02.01"]

1. d4 Nf6 2. Nf3 g6 3. Bf4 Bg7 4. e3 O-O 5. Be2 d5 6. h3 c5 7. c3 c4 8. Nbd2
Nc6 9. O-O Re8 10. Ne5 Nd7 11. Nxc6 bxc6 12. b3 e5 13. Bg3 cxb3 14. axb3 c5 15.
Nf3 exd4 16. exd4 cxd4 17. Nxd4 Qb6 18. Nb5 Ba6 19. Rxa6 Qxa6 20. Nc7 Qxe2 21.
Qxe2 Rxe2 22. Nxa8 Bxc3 23. Rc1 d4 24. Nc7 d3 0-1

[Event "C.to Provinciale AP-MC"]
[Site "Morrovalle ITA"]
[Date "2003.02.02"]
[Round "2"]
[White "Damiani, Lorenzo"]
[Black "Olivieri, Gianni"]
[Result "1-0"]
[WhiteElo "1579"]
[BlackElo "1500"]
[PlyCount "73"]
[EventDate "2003.02.01"]

1. d4 Nf6 2. c4 d6 3. Nc3 g6 4. e4 Bg7 5. f3 Nbd7 6. Be3 e5 7. d5 O-O 8. Qd2 a6
9. O-O-O Rb8 10. Bh6 b5 11. Bxg7 Kxg7 12. cxb5 axb5 13. Bxb5 Nc5 14. h4 Bd7 15.
Bc4 Na4 16. Nxa4 Bxa4 17. b3 Bb5 18. Bxb5 Rxb5 19. Ne2 Qe7 20. Ng3 h5 21. Qg5
Kh7 22. Ne2 Ng8 23. Qxe7 Nxe7 24. g4 Ra8 25. Kb1 hxg4 26. fxg4 Rba5 27. Nc3 f5
28. gxf5 gxf5 29. exf5 Nxf5 30. Rd3 Kg6 31. Rg1+ Kf6 32. Rf3 e4 33. Nxe4+ Ke5
34. Nc3 Nxh4 35. Re1+ Kd4 36. Re4+ Kc5 37. Rxh4 1-0

[Event "C.to Provinciale AP-MC"]
[Site "Morrovalle ITA"]
[Date "2003.02.02"]
[Round "2"]
[White "Fratini, Mauro"]
[Black "Franchi, Giuseppe"]
[Result "1/2-1/2"]
[WhiteElo "1609"]
[BlackElo "1657"]
[PlyCount "93"]
[EventDate "2003.02.01"]

1. d4 d5 2. Nf3 Nf6 3. Bf4 e6 4. e3 c5 5. c3 Nc6 6. Nbd2 Bd6 7. Bg3 Bxg3 8.
hxg3 c4 9. Be2 Qc7 10. Qc2 b5 11. Ng5 h6 12. f4 Bb7 13. Nh3 Ne7 14. g4 O-O-O
15. Nf2 g5 16. g3 Ne4 17. Ndxe4 dxe4 18. a3 f5 19. O-O-O Nd5 20. Qd2 a5 21. Kb1
Kb8 22. Rc1 Qe7 23. a4 Ba6 24. axb5 Bxb5 25. gxf5 exf5 26. Nd1 a4 27. g4 gxf4
28. exf4 e3 29. Qe1 Qe4+ 30. Ka1 fxg4 31. Bxg4 Qxf4 32. Qe2 Rde8 33. Rh5 Nc7
34. Re5 Rxe5 35. dxe5 Qxe5 36. Qxe3 Qxe3 37. Nxe3 h5 38. Bh3 Rf8 39. Nc2 Rf3
40. Bf1 h4 41. Nd4 Rf4 42. Bh3 Kb7 43. Ne2 Rf2 44. Nd4 Kb6 45. Rh1 Nd5 46. Nxb5
Kxb5 47. Bd7+ 1/2-1/2

[Event "C.to Provinciale AP-MC"]
[Site "Morrovalle ITA"]
[Date "2003.02.02"]
[Round "3"]
[White "Iaconi, Andrea"]
[Black "Marozzi, Giovanni"]
[Result "0-1"]
[WhiteElo "1647"]
[BlackElo "1699"]
[PlyCount "60"]
[EventDate "2003.02.01"]

1. d4 d5 2. c4 dxc4 3. Nc3 e5 4. d5 c6 5. e4 Bb4 6. Bd2 Nf6 7. f3 cxd5 8. Nxd5
Nxd5 9. exd5 Bd6 10. Qa4+ Nd7 11. Qxc4 O-O 12. Ne2 Nc5 13. b4 b5 14. Qc2 Na4
15. Ng3 a6 16. Bd3 e4 17. Bxe4 Qh4 18. O-O-O Bd7 19. Kb1 g6 20. Ne2 f5 21. Bd3
Be5 22. g3 Qf6 23. h4 Nb2 24. Rc1 f4 25. gxf4 Nxd3 26. fxe5 Qxe5 27. Bc3 Qe3
28. Bd4 Qxf3 29. Rcf1 Qxf1+ 30. Rxf1 Rxf1+ 0-1

[Event "C.to Provinciale AP-MC"]
[Site "Morrovalle ITA"]
[Date "2003.02.02"]
[Round "3"]
[White "Olivieri, Gianni"]
[Black "Fratini, Mauro"]
[Result "1-0"]
[WhiteElo "1500"]
[BlackElo "1609"]
[PlyCount "113"]
[EventDate "2003.02.01"]

1. d4 d5 2. c4 e6 3. Nc3 Nf6 4. e3 c6 5. Bd3 Nbd7 6. Nf3 Bd6 7. O-O O-O 8. Qc2
h6 9. cxd5 exd5 10. a3 Re8 11. Re1 Nf8 12. Ne2 Bg4 13. Nh4 Bxe2 14. Rxe2 Ne4
15. Nf5 Bc7 16. f3 Nd6 17. Ng3 Qh4 18. Bd2 Re6 19. Nf1 Rae8 20. Be1 Qd8 21. Bf2
a6 22. Nd2 Ng6 23. Rae1 Qd7 24. Bg3 b5 25. b3 Nb7 26. Bxc7 Qxc7 27. b4 Nd6 28.
e4 Nf4 29. Re3 Nxd3 30. Qxd3 dxe4 31. Nxe4 Nxe4 32. Rxe4 Rxe4 33. Rxe4 Rd8 34.
Qc3 Qd7 35. Qc5 f6 36. Kf2 Kf7 37. g4 Qd5 38. Qa7+ Rd7 39. Qxa6 Qa2+ 40. Kg3
Qc4 41. Qc8 Re7 42. Rxe7+ Kxe7 43. Qc7+ Kf8 44. Qd6+ Kg8 45. Qc5 Kf7 46. Qxc4+
bxc4 47. Kf4 Ke6 48. Ke4 g6 49. f4 f5+ 50. gxf5+ gxf5+ 51. Ke3 Kd5 52. a4 Kd6
53. a5 Kc7 54. h3 Kb7 55. Kd2 Ka6 56. h4 h5 57. Kc2 1-0

[Event "C.to Provinciale AP-MC"]
[Site "Morrovalle ITA"]
[Date "2003.02.08"]
[Round "4"]
[White "Franchi, Giuseppe"]
[Black "Marinucci, Johnny"]
[Result "1-0"]
[WhiteElo "1657"]
[BlackElo "1543"]
[PlyCount "123"]
[EventDate "2003.02.01"]

1. e4 Nf6 2. Nc3 d5 3. e5 Ne4 4. d4 Bf5 5. Nf3 e6 6. a3 c5 7. Nxe4 dxe4 8. Ng5
Be7 9. Nh3 cxd4 10. g4 Bg6 11. Nf4 Qa5+ 12. Bd2 Qxe5 13. Qe2 Nc6 14. Bg2 f5 15.
gxf5 exf5 16. h4 Bf7 17. Nd3 Qb5 18. Nf4 Qxe2+ 19. Nxe2 Bf6 20. O-O-O O-O 21.
Bg5 Bh5 22. Rde1 Be5 23. Nf4 Bf7 24. Ne2 h6 25. Bd2 Rac8 26. Kb1 a5 27. Reg1 b5
28. Bh3 Be6 29. Bxh6 b4 30. Bf4 Bxf4 31. Nxf4 Bc4 32. Rg5 bxa3 33. bxa3 Rb8+
34. Kc1 d3 35. Rhg1 Rb7 36. Bxf5 Nd4 37. Bxe4 Rxf4 38. Bxb7 Ne2+ 39. Kd1 dxc2+
40. Kxc2 Nxg1 41. Rxg1 Rxf2+ 42. Kc3 Rf4 43. h5 Bf7 44. Rg5 Rc4+ 45. Kd3 Ra4
46. Kc3 Rxa3+ 47. Kc2 Kh7 48. Rf5 Be8 49. Re5 Ba4+ 50. Kd2 Ra2+ 51. Kc3 Bd1 52.
Be4+ Kh6 53. Bg6 a4 54. Ra5 Rh2 55. Kd3 Bxh5 56. Bxh5 Rxh5 57. Rxa4 Rf5 58. Ke3
g5 59. Ra8 Kg7 60. Ra7+ Kg6 61. Ra8 Rf7 62. Ra6+ 1-0

[Event "C.to Provinciale AP-MC"]
[Site "Morrovalle ITA"]
[Date "2003.02.08"]
[Round "4"]
[White "Marozzi, Giovanni"]
[Black "Damiani, Lorenzo"]
[Result "1-0"]
[WhiteElo "1699"]
[BlackElo "1579"]
[PlyCount "105"]
[EventDate "2003.02.01"]

1. e4 d5 2. exd5 Qxd5 3. Nc3 Qa5 4. Bc4 Nf6 5. d3 g6 6. Bd2 Qe5+ 7. Qe2 Nbd7 8.
Nf3 Qxe2+ 9. Nxe2 Bg7 10. d4 Ne4 11. Bf4 Nb6 12. Bd3 Nd6 13. Be5 f6 14. Bxd6
cxd6 15. Bb5+ Bd7 16. Bxd7+ Nxd7 17. Nf4 Bh6 18. Nd5 Rc8 19. c3 e6 20. Ne3 Bxe3
21. fxe3 d5 22. Ke2 O-O 23. Rhf1 e5 24. dxe5 fxe5 25. Rad1 e4 26. Ng5 Rxf1 27.
Kxf1 Rf8+ 28. Ke2 Nf6 29. Ne6 Rc8 30. Rd4 Kf7 31. Nf4 Rc4 32. Rd1 Rc5 33. h4 a5
34. a3 a4 35. g4 Nxg4 36. Nxd5 Ne5 37. Nb6 Nd3 38. Nxa4 Rf5 39. Rf1 Rxf1 40.
Kxf1 b5 41. Nb6 Nxb2 42. Ke2 Nd3 43. c4 bxc4 44. Nxc4 Nc5 45. Kd2 Kf6 46. Kc3
Kf5 47. Nd6+ Ke6 48. Nb5 h6 49. Kd4 g5 50. hxg5 hxg5 51. Kxc5 Ke5 52. Nd4 g4
53. Ne2 1-0

[Event "C.to Provinciale AP-MC"]
[Site "Morrovalle ITA"]
[Date "2003.02.08"]
[Round "4"]
[White "Olivieri, Gianni"]
[Black "Iaconi, Andrea"]
[Result "0-1"]
[WhiteElo "1500"]
[BlackElo "1647"]
[PlyCount "62"]
[EventDate "2003.02.01"]

1. d4 Nf6 2. c4 g6 3. Nc3 d5 4. Nf3 Bg7 5. e3 O-O 6. h3 b6 7. Qc2 Bb7 8. Bd3
Nbd7 9. e4 dxe4 10. Nxe4 e6 11. Bg5 Qc8 12. Ne5 Nxe4 13. Bxe4 Nxe5 14. dxe5
Bxe5 15. O-O-O c5 16. h4 Qc7 17. Be3 Bf4 18. Bxb7 Bxe3+ 19. Kb1 Qxb7 20. fxe3
Rad8 21. g4 Qf3 22. g5 Qxe3 23. Rh2 Qf4 24. Rg1 Qf5 25. Kc1 Qxc2+ 26. Kxc2 Rd4
27. b3 f5 28. h5 Rg4 29. Rxg4 fxg4 30. h6 g3 31. Rg2 Rf2+ 0-1

[Event "C.to Provinciale AP-MC"]
[Site "Morrovalle ITA"]
[Date "2003.02.09"]
[Round "5"]
[White "Franchi, Giuseppe"]
[Black "Marozzi, Giovanni"]
[Result "1-0"]
[WhiteElo "1657"]
[BlackElo "1699"]
[PlyCount "85"]
[EventDate "2003.02.01"]

1. d4 d5 2. Nf3 Bf5 3. Bf4 e6 4. e3 Bd6 5. Bxd6 Qxd6 6. c3 Bxb1 7. Rxb1 Nf6 8.
Bd3 Nbd7 9. Qc2 e5 10. dxe5 Nxe5 11. Nxe5 Qxe5 12. O-O Ng4 13. Qa4+ c6 14. Qxg4
O-O 15. Qf5 Qxf5 16. Bxf5 g6 17. Bc2 Rae8 18. Rfe1 f5 19. f3 Re5 20. Re2 Rfe8
21. Rbe1 Kg7 22. e4 dxe4 23. fxe4 f4 24. Rd2 R8e7 25. Red1 Rb5 26. Rd7 Kf8 27.
Rxe7 Kxe7 28. b4 g5 29. h3 a5 30. a4 Re5 31. Kf2 axb4 32. cxb4 h6 33. Kf3 b6
34. Kg4 Re6 35. a5 bxa5 36. bxa5 c5 37. Ra1 Ra6 38. Bd3 Ra7 39. a6 Kf6 40. Bc4
Ke5 41. Bd5 c4 42. Bb7 Kd4 43. Kh5 1-0

[Event "C.to Provinciale AP-MC"]
[Site "Morrovalle ITA"]
[Date "2003.02.09"]
[Round "5"]
[White "Iaconi, Andrea"]
[Black "Fratini, Mauro"]
[Result "1-0"]
[WhiteElo "1647"]
[BlackElo "1609"]
[PlyCount "110"]
[EventDate "2003.02.01"]

1. e4 Nf6 2. Nc3 d5 3. e5 Ne4 4. Nxe4 dxe4 5. d4 Bf5 6. Ne2 Nd7 7. Ng3 Bg6 8.
Bc4 e6 9. O-O c5 10. c3 Be7 11. Re1 O-O 12. Nxe4 cxd4 13. cxd4 Nb6 14. Bb3 Rc8
15. f3 Nd5 16. Bd2 Qb6 17. Be3 Nxe3 18. Rxe3 Rfd8 19. Rd3 Rc7 20. Kh1 Bxe4 21.
fxe4 Rdc8 22. d5 Bg5 23. Qg4 Rc1+ 24. Rxc1 Rxc1+ 25. Rd1 Rxd1+ 26. Qxd1 Kf8 27.
d6 Qc5 28. d7 Qc7 29. Qd6+ Qxd6 30. exd6 b5 31. e5 Bd8 32. g4 g6 33. Kg2 Kg7
34. Kf3 a5 35. a3 h5 36. h3 hxg4+ 37. hxg4 Kh6 38. Bc2 b4 39. axb4 axb4 40. b3
Kg5 41. Bd1 f6 42. exf6 Kxf6 43. Ke4 g5 44. Be2 Bb6 45. Bc4 Bd8 46. Bb5 Bb6 47.
Ba6 Bd8 48. Kd4 Bb6+ 49. Kc4 Ke5 50. Kb5 Kxd6 51. Kxb6 Kxd7 52. Kc5 Ke7 53.
Kxb4 Kd6 54. Kc4 Ke5 55. Bc8 Kd6 1-0

[Event "C.to Provinciale AP-MC"]
[Site "Morrovalle ITA"]
[Date "2003.02.09"]
[Round "6"]
[White "Marozzi, Giovanni"]
[Black "Olivieri, Gianni"]
[Result "1-0"]
[WhiteElo "1699"]
[BlackElo "1500"]
[PlyCount "37"]
[EventDate "2003.02.01"]

1. e4 d6 2. d4 Nf6 3. Nc3 g6 4. Bg5 Bg7 5. Qd2 O-O 6. Bh6 Re8 7. Bxg7 Kxg7 8.
f3 c6 9. O-O-O Qc7 10. g4 h6 11. h4 c5 12. d5 a6 13. g5 Ng8 14. h5 Nd7 15.
gxh6+ Nxh6 16. hxg6 Rh8 17. gxf7 Nf8 18. Qg5+ Ng6 19. f8=Q+ 1-0